00497nam a22001577a 450000500170000001000150001702000270003203500140005903700130007308200120008610000170009824500490011526000350016427001160019930000240031520190214115449.0 aENG-124790 a97893800970804c395.00 aEN-108322 bDBAD/PUB a370.115 aKishor Vimal aTeaching of social studies/cby Vimal Kishor aKolkatabRenu Publishersc2017 a216, Flat-GC, Green ParkbNarendrapur, Kolkatae700103k011-23256188, Mob-9971676330mrenupublishers@gnmail.com avi,109p.c21cm(pbk)